| 000 | 00624nam a2200205Ia 4500 | ||
|---|---|---|---|
| 003 | GCL | ||
| 008 | 140319s9999 xx 000 0 eng d | ||
| 020 | _a978067370 | ||
| 040 |
_aGCL / _cGCL |
||
| 082 | 0 | 4 |
_a616.15 _bE B |
| 100 | 1 | _aEZZONE, SUSAN | |
| 245 | 1 | 0 |
_aBLOOD AND MARROW STEM CELL TRANSPLANTATION : _bPRINCIPLES, PRACTICE, AND NURSING INSIGHTS / _cEZZONE, SUSAN |
| 700 | 1 | _aSCHMIT - POKORNY, KIM | |
| 260 |
_aنيويورك : _bJONES AND BARTLETT PUBLISHERS ، _c2007 |
||
| 300 |
_a24 CM ؛ _c521 P |
||
| 650 | 0 | 4 | _aHEMATOLGOIC DISEASE |
| 650 | 0 | 4 | _aHEMATOLOGY |
| 650 | 0 | 4 | _aBLOOD - DISEASES |
| 942 |
_2ddc _cBK |
||
| 999 |
_c9403 _d9403 |
||